000 01676cam a22004454i 4500
003 PE-LiUPU
005 20251223142123.0
008 150623s r 000 0 d
035 _a(Sirsi) a21868
035 _a(Sirsi) a21868
040 _aPE-LiUPU
_bspa
_cPE-LiUPU
_erda
082 0 4 _a230.003
_bD545
_223
245 1 0 _aDiccionario de la teología práctica :
_bculto /
_ceditor general: Rodolfo G. Turnbull; Traducido por Norberto Wolf.
264 1 _aGrand Rapids, Michigan :
_bSubcomisión Literatura Cristiana,
_c1977.
300 _a96 páginas ;
_c23 cm
336 _atext
_2rdacontent
337 _aunmediated
_2rdamedia
338 _avolume
_2rdacarrier
505 0 _aEl Nuevo Testamento como fundamento. -El Antiguo testamento como trasfondo. -El culto medieval. -El culto reformado. -Los sacramentos. -Cultos especiales. -Cultos generales o habituales. -Elementos auxialiares para el culto. -Elementos constitutivos para la liturgia. -El año liturgico.
526 _aSEG44
526 _aSEG26
526 _aP151
526 _aP150
526 _aP149
526 _aP146
526 _aP145
526 _aP126
526 _aP125
526 _aP92
526 _aP75
526 _aP74
526 _aP27
526 _aP15
650 1 4 _aHermenéutica teológica
_xDiccionarios
_96078
650 2 4 _aTeología práctica
_xDiccionarios
_97751
942 _2ddc
_cBOOK
949 _aRC 220.6603 T95C
_wDEWEY
_c1
_i45518
_lRC
_mBUL
_r0
_sY
_tBOOK
_u2015-6-24
_xTEOLOGIA
_0COMPRA
_o.CIRCNOTE. No olvidar cambiar la fecha de devolución!!!!!!!
_o.STAFF. Colección General
980 _818226
_gJaime Vilcazán Jefe de Análisis Documental
999 _c22378
_d22378